000 00527nam a2200181 a 4500
001 000037613
005 20200930080452.0
008 121008s2007 pe a 000 0 spa d
020 _a9786034008038
040 _aDO-SdBNP
_bspa
_cBNPHU
082 _axxxx
_bxxxx
100 1 _aLuján López, Jorge E.
_964082
245 1 0 _aHistorias motivadoras I /
_cJorge E. Luján López.
260 _aLima, Perú, :
_bInstituto de Desarrollo Humano,
_c2007.
300 _a128 p. :
_bil. ;
_c21 cm.
490 1 _aAmex
830 0 _aAmex
_964083
999 _c37103
_d37103